MDQL
is popping MORE tags! Check the
thread
!
Quizzes
Events
Quiz Creation
Community
Videos
Private Events
Remove Ads
Sign In
Join for FREE
Feedback
Dark Mode
Quiz Categories
Sports
Geography
Music
Movies
Television
Just For Fun
Miscellaneous
History
Literature
Language
Science
Gaming
Entertainment
Religion
Holiday
For Kids
Quiz Lab
Recent
Popular Today
Quiz Kudos Today
Editor Picks
Curator Picks
Quizzes by...
Day
Popularity
Type
Ratings
Length
Year
Community
Subscriptions
Recent Discussions
Orange Saloon
Badges
Playlists
Quests
Create
Leaderboards
Showdown
Live 5
Trivia Bingo
Activity
Puzzle Library
Sporcle Events
Private Events
Virtual Trivia
Globe League
Become a Host
Pub Owners
SporcleCon
Opinionation
Our Games
Videos
Blog
Mobile Apps
Partnerships
Remove Ads and Go Orange
Feedback
History
US Presidents
World Leaders
Politics
Nation
Discovery
War
Decade
Year
Century
Biography
Art
History
US Presidents
World Leaders
Politics
Nation
Discovery
War
Decade
Year
Century
Biography
Art
Random Quiz
Search Sporcle
×
Quiz Lab
Quiz Lab
History
Roman
Type in answers that appear in a list
Type in answers that appear in a list
Classic
Best Score? Go Orange.
Wars that created the Roman Empire Stats
Can you name the Wars that created the Roman Empire?
By
aorist9
10m
32 Questions
173 Plays
173 Plays
173 Plays
Comments
Comments
Give Quiz Kudos
Give Quiz Kudos
-
- Ratings
hide this ad
Replay
Link that replays current quiz
Next Quiz
Link to next quiz in quiz playlist
You Got
0%
They Got
Avg Score
39%
Avg Friend Score
Upgrade to see
Score Distribution
Jump to the score distribution portion of the page
Score
0/32
Timer
10:00
0
Plays Today
Years
War
% Correct
264-
241
First Punic War
82.7%
218-
201
Second Punic War
82.7%
149-
146
Third Punic War
76.9%
73-
71
Spartacus' Revolt
65.9%
280-
275
Pyrrhic War
52.6%
91-
88
Social War
52%
214-
205
First Macedonian War
50.3%
343-
341
First Samnite War
48.6%
200-
196
Second Macedonian War
48.6%
326-
304
Second Samnite War
48%
171-
168
Third Macedonian War
48%
59-
51
Gallic Wars
47.4%
298-
290
Third Samnite War
46.2%
49-
45
Caesar's Civil Wars
42.8%
340-
338
Great Latin War
41.6%
90-
85
First Mithridatic War
35.3%
Years
War
% Correct
150-
148
Fourth Macedonian War
34.7%
83-
82
Second Mithridatic War
34.7%
135-
132
First Sicilian Slave Revolt
31.8%
88-
81
Civil War Between Marius and Sulla
31.2%
104-
100
Second Sicilian Slave Revolt
30.6%
73-
63
Third Mithridatic War
30.6%
63-
62
Catilinarian Conspiracy
28.3%
113-
101
Cimbrian War
27.7%
112-
105
Jugurthine War
26%
32-
30
War of Actium
23.1%
229-
228
First Illyrian War
20.2%
220-
219
Second Illyrian War
19.7%
83-
81
Sertorius' revolt
16.8%
44-
42
War of Phillipi
15%
44-
36
Sicilian Revolt
11%
41-
40
Perusine War
9.8%
Quiz Playlist
Details
Report
Send in Message
Add To Playlist
Classic:
Type in answers that appear in a list
Last Updated: Feb 16, 2017
Quiz Scoreboard
CHALLENGE
Sign Up to Join the Scoreboard
Show All
Scores
Hide
Comments
May contain spoilers
Recently Published
5x2 Blitz: Bands
by SL_Kpop136
Music
30s
Colored Red Africa Blitz
by spor1
Geography
30s
Find the 'City' Movie
by crazypaving
Movies
60s
More to Explore
Quiz From the Vault
Featured Blog Post
14 Easter Pick-up Lines to Find Eggs With
hide this ad
You Might Also Like...
Tags
Roman
rome
Today's Top Quizzes in History
Browse History
hide this ad
Today's Top Quizzes in Roman
Browse Roman
Top Contributed Quizzes in History
1
Popular People in 1991
2
US National Parks Named After People
3
Order Up: 1000 Years of World Events I
4
Popular People in 1981
5
Popular People in 1951
6
Popular People in 1941
7
Popular People in 1986
8
Popular People in 1921
9
Popular People in 1976
10
Magic 10 Blitz: U.S. Presidents
Explore More
Trending Topics
Crossword
Marvel
Harry Potter
NBA
Anime
Disney
Kpop
WWE
Pokémon
The Office
Soccer
Puzzle
Country
NFL
Song
hide this ad
More By:
aorist9
Quiz
Plays
Rating
Category
Featured
Created
Kings of Rome
319
5.00
History
Jun 3, 2010
Wars that created the Roman Empire
173
3.25
History
Jun 5, 2011
Mythological Groups
69
3.50
Religion
Jun 3, 2010
Go to Creator's Profile
Score Distribution
Quiz Creator Spotlight
aorist9
Follow
Send a Message
Quizzes Created
-
Created Quiz Play Count
-
More By This Creator
Popular Quizzes Today
1
Find the 'City' Movie
2
Colored Red Africa Blitz
3
Find the US States - No Outlines Minefield
4
5x2 Blitz: Bands
5
The Countries of the World
6
Find the US States
7
US States
8
9x9 Crossword: Cartoon Network
More History Quizzes
Either/Or in 30: President Middle Names
Published
Trending Quizzes
Colored Red Europe Blitz I
Colored Red Africa Blitz II
Colored Red Europe Blitz II
Colored Red Europe Blitz III
Colored Red Africa Blitz III
Recently Updated
Famous TV Couples
Peacemaker
Champions League XIs: Real Madrid
pecheneg
Largest US Cities 1790-2010
pecheneg
Rides in Walt Disney World
pecheneg
Most Oscar Losses (Acting)
pecheneg
Beyoncé Albums
pecheneg
Leaping Animals
pecheneg
Reality TV Shows (A-Z)
bhenderson79
Rickey Henderson's Hall of Fame Teammates
pecheneg
Champions League XIs: Arsenal
pecheneg
Trending Topics
NBA
Kpop
Harry Potter
Marvel
Disney
Anime
Crossword
NFL
Puzzle
Pokémon
The Office
Country
Soccer
WWE
Song
Your Account Isn't Verified!
In order to create a playlist on Sporcle, you need to verify the email address you used during registration. Go to your
Sporcle Settings
to finish the process.
Report this User
Report this user for behavior that violates our
Community Guidelines
.
Details:
Send Report
Go to the Sporcle.com Mobile Site →
Comments